|
|
|
|
| LEADER |
00000nta a2200000 i 4500 |
| 001 |
dolg12814 |
| 005 |
20180724110348.0 |
| 008 |
171121suuuu hu om 000 hun d |
| 040 |
|
|
|a BGE Dolgozattár Repozitórium
|b hun
|
| 041 |
|
|
|a hu
|
| 100 |
1 |
|
|a Szilágyi Lilla Krisztina
|
| 245 |
1 |
2 |
|a A posztmodern turizmus és a luxusturizmus kereslete és kínálata a világon, Magyarország turisztikai kínálatának fejlődési lehetőségei
|c Szilágyi Lilla Krisztina
|h [elektronikus dokumentum]
|
| 695 |
|
|
|a Posztmodern turizmus
|
| 695 |
|
|
|a Luxusturizmus
|
| 700 |
1 |
|
|a Hegedűs Péter
|e ths
|
| 856 |
4 |
0 |
|u http://dolgozattar.uni-bge.hu/12814/1/Szakdolgozat%20Szil%C3%A1gyi%20Lilla%20Krisztina.pdf
|z Dokumentum-elérés
|